| 000 | 00000nam##2200000za#4500 |
| 001 | 9.696774 |
| 003 | CaOODSP |
| 005 | 20240219183347 |
| 007 | cr ||||||||||| |
| 008 | 150407|2004||||xxc|||||o f|0| 0 eng|d |
| 040 | |aCaOODSP|beng |
| 043 | |an-cn--- |
| 086 | 1 |aD69-9/2004E-PDF |
| 110 | 2 |aDefence R&D Canada. |
| 245 | 10|aMultiple intelligences, gender, and leadership effectiveness in male-dominated versus gender-balanced military units : |h[electronic resource]|ba review of the literature / |cby Lynda Zugec and Karen Korabik. |
| 260 | |aOttawa - Ontario : |bDefence Research and Development Canada |cNovember 2004. |
| 300 | |a53p.|breferences |
| 546 | |a(Résumé en français.) |
| 590 | |a12-40-Supp|b2012-10-23 |
| 690 | 07|aGender equality|2gcpds |
| 720 | 1 |aZugec, Lynda |
| 720 | 1 |aKorabik, Karen |
| 856 | 40|ahttp://publications.gc.ca|qPDF|s627 KB|uhttps://publications.gc.ca/collections/collection_2012/rddc-drdc/D69-9-2004-eng.pdf |